Torschützenliste der Ligue 1 2021-2022 - Statistiken

Allgemein
  • Dieses Quiz wurde 19 mal gespielt
  • Das Durchschnittsergebnis liegt bei 6 aus 14
Antwortstatistiken
Tore Nationalität Verein Spieler % Korrekt
28 Frankreich Paris Saint-Germain Kylian Mbappé
100%
13 Brasilien Paris Saint-Germain Neymar
94%
15 Kanada OSC Lille Jonathan David
83%
25 Frankreich AS Monaco Wissam Ben Yedder
83%
12 Kamerun Olympique Lyon Karl Toko Ekambi
50%
21 Frankreich Olympique Lyon Moussa Dembélé
44%
12 Frankreich Racing Straßburg Ludovic Ajorque
39%
21 Frankreich Stade Rennes Martin Terrier
39%
15 Frankreich Stade Rennes Gaëtan Laborde
28%
12 Frankreich Olympique Marseille Dimitri Payet
22%
18 Frankreich OGC Nizza Andy Delort
17%
12 Frankreich RC Lens Arnaud Kalimuendo
17%
12 Frankreich FC Nantes Randal Kolo Muani
11%
14 Guinea Clermont Foot Mohamed Bayo
0%
Keine übereinstimmenden Quizze gefunden
Verteilung der Resultate
Anzahl Personen mit jedem Resultat
Perzentil nach korrekt beantworteten Fragen
Ihre Resultats-Entwicklung
Sie haben dieses Quiz noch nicht gespielt